| 000 | 00481nam a22001577a 4500 | ||
|---|---|---|---|
| 005 | 20250817190215.0 | ||
| 008 | 250817b |||||||| |||| 00| 0 eng d | ||
| 020 |
_a9781416584483 _qpbk |
||
| 041 | _aeng | ||
| 082 |
_a302.2242 _bADU |
||
| 100 | _a Adubato, Steve | ||
| 245 |
_aSpeak From The Heart : Be Yourself And Get Results _c/Steve Adubato, Theresa Foy DiGeronimo |
||
| 504 | _aindex | ||
| 650 | _a Affaires Business & Economics Careers General Business | ||
| 942 | _cENGLISH | ||
| 999 |
_c582448 _d582448 |
||